00411 2200157 4500001002100000008004100021035002000062245004400082100002100126260002800147300002200175020002200197084001400219082000800233990001200241INLIS000000000002762 IND  a0010-0925000109 aTitip Rindu Untuk IbucEidelweis Almira aEidelweis Almira aJakartabEutheniac2015 a164c(13 x 19 cm) a978-602-1010-96-9 a813 EID t a813 a0754984